О некоторых новых мезопроизводных антрацена и диантрила: (из лаборатории красящих веществ Иваново-Вознесенского Политехнического института); [оттиск статьи]

ग्रंथसूची विवरण
मुख्य लेखक: Минаев В. И. Василий Иванович
अन्य लेखक: Федоров Б. П.
भाषा:रूसी
प्रकाशित: [1928]
श्रृंखला:Журнал Русского физико-химического общества. Химический отдел Т. 61, вып. 1
विषय:
स्वरूप: पुस्तक
KOHA link:https://koha.lib.tpu.ru/cgi-bin/koha/opac-detail.pl?biblionumber=352533

MARC

LEADER 00000nam0a2200000 4500
001 352533
005 20231102010516.0
035 |a (RuTPU)RU\TPU\retro\9189 
090 |a 352533 
100 |a 20200121d1928 k y0rusy50 ca 
101 0 |a rus 
102 |a RU 
105 |a y z 000zy 
200 1 |a О некоторых новых мезопроизводных антрацена и диантрила  |e (из лаборатории красящих веществ Иваново-Вознесенского Политехнического института)  |e [оттиск статьи]  |f В. И. Минаев, Б. П. Федоров 
210 |d [1928] 
215 |a С. 143-150 
225 1 |a Журнал Русского физико-химического общества. Химический отдел  |v Т. 61, вып. 1 
316 |5 63413507: ШкА/5130  |a На с. 143 дарственная надпись: "В Фунд. библиотеку Сиб. Технолог. Ин-та от авторов" 
320 |a Библиогр. в примеч. 
606 1 |a Антрацен и его производные  |x Химия  |2 stltpush  |3 (RuTPU)RU\TPU\subj\76670  |9 87602 
610 1 |a коллекция ТПУ 
610 1 |a труды учёных ТПУ 
610 1 |a оттиски 
610 1 |a дарственные надписи 
610 1 |a дары автора 
610 1 |a дары библиотеке 
610 1 |a химические реакции 
610 1 |a методы получения 
610 1 |a химические вещества 
675 |a 547.6  |v 4 
700 1 |a Минаев  |b В. И.  |c российский химик-органик  |c профессор Томского технологического института (1915-1925)  |c профессор Иваново-Вознесенского химико-технологического института (1930-1943)  |f 1877-1943  |g Василий Иванович  |2 stltpush  |3 (RuTPU)RU\TPU\pers\19082 
701 1 |a Федоров  |b Б. П. 
801 1 |a RU  |b 63413507  |c 20200121 
942 |c BK